003870000a2200169000450000500170000010000200001724500290003726000320006630000110009804000080010936500080011765000130012565000120013865000250015065000220017565000200019720120302060853.0 a Bowles,Chester a New dimensions of peace aNew York:Pennant Books,1955 ax;340P aENG bRs. apolitics ahistory anew dimensions-peace aChines revolution aAmerican Policy